Geological notes on the Sandy Creek area /

Saved in:
Bibliographic Details
Main Author: Fisher, N. H. (Norman Henry)
Corporate Author: New Guinea. Geological Survey
Format: Book
Language:English
Published: [S.l.] : Mandated Territory of New Guinea, [1935?].
Subjects:
LEADER 00921cam a22002411a 4500
001 c000217980
003 CARM
005 19960704000000.0
008 880105s1935 xx a 000 0 eng d
019 1 |a 12637606  |5 LACONCORD2021 
035 |a (OCoLC)222078260  |5 LACONCORD2021 
040 |a QU  |b eng  |c QU 
050 0 0 |a QE349.N5  |b F56 
100 1 |a Fisher, N. H.  |q (Norman Henry) 
245 1 0 |a Geological notes on the Sandy Creek area /  |c by N.H. Fisher. 
260 |a [S.l.] :  |b Mandated Territory of New Guinea,  |c [1935?]. 
300 |a 8 p.l :  |b ill ;  |c 35cm. 
500 |a Cover title. 
650 0 |a Geology  |z Papua New Guinea  |z Sandy Creek Valley. 
710 1 |a New Guinea.  |b Geological Survey. 
852 8 |b CARM  |h A1:AR02B0  |i E01781  |p 0275758  |f BK 
999 f f |i 8270e8e5-2fac-5ab1-80e6-c1677aeab831  |s cc4b3fbf-88ce-5c2a-888b-3e024178ad35 
952 f f |p Can circulate  |a CAVAL  |b CAVAL  |c CAVAL  |d CARM 1 Store  |e E01781  |f A1:AR02B0  |h Other scheme  |i book  |m 0275758